Normale Ansicht MARC-Ansicht ISBD

Deutsche Turn-Zeitung : (Titelsatznr. 373303)

[ MARC ]
MARC-Details
000 -Satzkennung
Kontrollfeld mit fester Länge 00616nam a22001817a 4500
008 - Feld mit fester Länge zur physischen Beschreibung - Allgemeine Angaben
Kontrollfeld mit fester Länge 240828b |||||||| |||| 00| 0 eng d
040 ## - Katalogisierungsquelle
Original-Katalogisierungsstelle DE-2950
Übertragungsstelle DE-2950
041 ## - Sprachcode
Sprachcode des Textes/der Tonspur oder des separaten Titels ger
245 ## - Titel
Titel Deutsche Turn-Zeitung :
Zusatz zum Titel Blätter für die Angelegenheiten des gesammten Turnwesens /
Verfasserangabe etc. herausgegeben von Ferdinand Goetz
260 ## - Publikation, Vertrieb usw. (Erscheinungsvermerk)
Erscheinungsort, Vertriebsort etc. Leipzig:
Name des Verlags, des Vertriebs etc. Ernst Keil,
Date of publication, distribution, etc 1863-
300 ## - Physische Beschreibung
Umfang 364 S.: Abb.
500 ## - Allgemeine Fußnote
Allgemeine Fußnote 8. Jahrgang 1863, Heft 1-52; 9. Jahrgang 1864, Heft 1-52;<br/>
505 ## - Fußnote zu strukturierten Inhaltsangaben
Titel späterer Titel: Deutsche Turner-Zeitung
653 ## - Indexierungsterm - Nicht normiert
Nicht-normierter Term Turnen
653 ## - Indexierungsterm - Nicht normiert
Nicht-normierter Term Nationalverband
653 ## - Indexierungsterm - Nicht normiert
Nicht-normierter Term Verbandszeitung
942 ## - Zusätzliche Felder (Koha)
Klassifikation oder Aufstellungssystematik Andere/Generische Klassifikation
Koha-Medientyp Zeitschriften
Exemplare
Ausgeschieden Verloren Klassifikation oder Aufstellungssystematik Beschädigt Nicht entleihbar Permanenter Standort Aktueller Standort Erwerbungsdatum Lieferant Anzahl Ausleihen Signatur Letzte Aktivität Exemplarnummer Preis gültig von Medientyp
    Andere/Generische Klassifikation     Stadtarchiv Frankfurt (Oder) | Archivbibliothek Stadtarchiv Frankfurt (Oder) | Archivbibliothek 28/08/2024 Altbestand   V:0201 28/08/2024 1863: 50/2024; 1864: 51/2024 28/08/2024 Zeitschriften